[Event "Staufer op 34th"]
[Site "Schwaebisch Gmuend"]
[Date "2024.01.04"]
[Round "5"]
[White "Ruff, Maximilian"]
[Black "Roettig, Hans Peter"]
[Result "1-0"]
[WhiteElo "2234"]
[BlackElo "1995"]
[PlyCount "93"]
[EventDate "2024.01.02"]
[EventType "swiss"]
[EventRounds "9"]
[EventCountry "GER"]
[SourceTitle "CB02_2024"]
[SourceDate "2024.01.10"]
[SourceVersion "1"]
[SourceVersionDate "2024.01.10"]
[SourceQuality "1"]

1. d4 f5 2. Bg5 c6 3. Nd2 Qb6 4. e3 d6 5. Nc4 Qc7 6. a4 Be6 7. Nf3 h6 8. Bh4 g5 9. Bg3 Nf6 10. h4 Rg8 11. hxg5 hxg5 12. Nfd2 Nbd7 13. Bd3 0-0-0 14. a5 Bg7 15. Qe2 Nd5 16. c3 N7f6 17. 0-0-0 Bd7 18. Nf3 f4 19. Bh2 g4 20. Nh4 g3 21. fxg3 Bg4 22. Bf5+ Bxf5 23. Nxf5 fxe3 24. g4 Ne4 25. Ncxe3 Qxa5 26. Nxd5 cxd5 27. Nxe7+ Kb8 28. Nxg8 Rxg8 29. Kb1 Rc8 30. Bf4 Rc6 31. Rh7 Rb6 32. Rc1 Ra6 33. Rxg7 Qa2+ 34. Kc2 Qa4+ 35. Kd3 Qe8 36. Qf3 Ra2 37. Re1 Qb5+ 38. Ke3 Qxb2 39. Bxd6+ Nxd6 40. Rg8+ Kc7 41. Kf4 Qd2+ 42. Qe3 Qxg2 43. Qe7+ Kc6 44. Rc8+ Kb5 45. Rb1+ Rb2 46. Qd7+ Ka5 47. Rc5+ 1-0

[Event "Oberliga Baden 2122"]
[Site "Germany"]
[Date "2022.04.10"]
[Round "11.8"]
[White "Reichel, Jonathan"]
[Black "Roettig, Hans Peter"]
[Result "1-0"]
[WhiteElo "2090"]
[BlackElo "2081"]
[PlyCount "113"]
[EventDate "2021.10.10"]
[EventType "team-tourn"]
[EventRounds "11"]
[EventCountry "GER"]
[SourceTitle "EXT 2023"]
[Source "ChessBase"]
[SourceDate "2022.10.05"]
[SourceVersion "1"]
[SourceVersionDate "2022.10.05"]
[SourceQuality "1"]
[WhiteTeam "Ettlingen"]
[BlackTeam "Viernheim II"]
[WhiteTeamCountry "GER"]
[BlackTeamCountry "GER"]

1. e4 c5 2. Nf3 d6 3. Bb5+ Bd7 4. Bxd7+ Nxd7 5. 0-0 Ngf6 6. Re1 Rc8 7. c3 e6 8. d4 cxd4 9. cxd4 d5 10. exd5 Nxd5 11. Nc3 Nxc3 12. bxc3 Nb6 13. Qd3 Be7 14. Ne5 Qd5 15. Rb1 f6 16. Rb5 Qd6 17. Nf3 Kf7 18. Ra5 Nc4 19. Rxa7 Qd5 20. Bf4 Ra8 21. Rxa8 Rxa8 22. Qxh7 Rxa2 23. h4 Ra3 24. h5 Qf5 25. Qxf5 exf5 26. Nh4 Rxc3 27. Nxf5 Bf8 28. Rb1 b6 29. Ne3 g5 30. hxg6+ Kxg6 31. Nd5 Rd3 32. Be3 Bd6 33. Rc1 b5 34. Kf1 Nxe3+ 35. fxe3 Rd2 36. Rc6 Bg3 37. Rxf6+ Kg5 38. Rf3 Kh4 39. Nf6 Ra2 40. Ne4 Ra1+ 41. Ke2 Bc7 42. Rf7 Ba5 43. Rf4+ Kh5 44. Rf5+ Kg6 45. Rxb5 Ra2+ 46. Kf3 Bd8 47. d5 Ra1 48. d6 Rd1 49. Kf4 Kf7 50. Ke5 Rh1 51. Rb7+ Kg6 52. d7 Kf7 53. g4 Rh3 54. Nd6+ Kf8 55. Nf5 Bf6+ 56. Kxf6 Rh6+ 57. Kg5 1-0

[Event "Oberliga Baden 2122"]
[Site "Germany"]
[Date "2022.03.06"]
[Round "8.8"]
[White "Kick, Joachim"]
[Black "Roettig, Hans Peter"]
[Result "1-0"]
[WhiteElo "2105"]
[BlackElo "2081"]
[PlyCount "78"]
[EventDate "2021.10.10"]
[EventType "team-tourn"]
[EventRounds "11"]
[EventCountry "GER"]
[SourceTitle "EXT 2023"]
[Source "ChessBase"]
[SourceDate "2022.10.05"]
[SourceVersion "1"]
[SourceVersionDate "2022.10.05"]
[SourceQuality "1"]
[WhiteTeam "Kuppenheim"]
[BlackTeam "Viernheim II"]
[WhiteTeamCountry "GER"]
[BlackTeamCountry "GER"]

1. Nf3 f5 2. d3 d6 3. e4 e5 4. Nc3 c5 5. g3 Nf6 6. Bh3 fxe4 7. Bxc8 Qxc8 8. dxe4 Qg4 9. h3 Qd7 10. Bg5 Be7 11. Bxf6 Bxf6 12. Qd3 Nc6 13. Nd5 0-0 14. Kf1 Kh8 15. c3 Qf7 16. Kg2 Rad8 17. Rhf1 Rd7 18. Rad1 Nd8 19. Nh2 Ne6 20. a4 Qe8 21. Ng4 Bd8 22. Nde3 Qh5 23. Qd5 Ng5 24. Rh1 Rdf7 25. Rdf1 Qg6 26. Nc4 h5 27. Ngxe5 dxe5 28. Nxe5 Qxe4+ 29. Qxe4 Nxe4 30. Nxf7+ Rxf7 31. f4 h4 32. Rd1 Bc7 33. gxh4 Rxf4 34. Rhf1 Rxh4 35. Rd7 Be5 36. Rxb7 Rh5 37. Re1 Rg5+ 38. Kf3 Nf6 39. Rxa7 Nd5 1-0

[Event "Bayern-chI Bank Hofmann 24th"]
[Site "Tegernsee"]
[Date "2021.11.05"]
[Round "7"]
[White "Roettig, Hans Peter"]
[Black "Richter, Nils"]
[Result "1-0"]
[WhiteElo "2061"]
[BlackElo "2277"]
[PlyCount "51"]
[EventDate "2021.10.30"]
[EventType "swiss"]
[EventRounds "9"]
[EventCountry "GER"]
[SourceTitle "CBM 205 Extra"]
[Source "ChessBase"]
[SourceDate "2022.01.31"]
[SourceVersion "1"]
[SourceVersionDate "2022.01.31"]
[SourceQuality "1"]

1. e4 c6 2. d4 d5 3. f3 dxe4 4. fxe4 e5 5. Nf3 Bg4 6. Bc4 Nd7 7. 0-0 Ngf6 8. Qe1 Bd6 9. Bg5 Qb6 10. Nbd2 0-0 11. Kh1 Qc7 12. Qh4 exd4 13. e5 Bxe5 14. Nxe5 Qxe5 15. Bxf6 Nxf6 16. Rxf6 Qxf6 17. Qxg4 b5 18. Bd3 Rad8 19. Rf1 Qe7 20. Nf3 Qd7 21. Bxh7+ Kxh7 22. Qh5+ Kg8 23. Ng5 Rfe8 24. Nxf7 Qxf7 25. Qxf7+ Kh7 26. h3 1-0

[Event "GER-ch Net Amateur Gr-A Vor3"]
[Site "Playchess.com INT"]
[Date "2020.04.16"]
[Round "6"]
[White "Mohaupt, Sascha"]
[Black "Roettig, Hans Peter"]
[Result "0-1"]
[WhiteElo "2303"]
[BlackElo "1826"]
[PlyCount "92"]
[EventDate "2020.04.16"]
[EventType "swiss (blitz)"]
[EventRounds "9"]
[EventCountry "GER"]
[SourceTitle "CBM 195 Extra"]
[Source "ChessBase"]
[SourceDate "2020.05.31"]
[SourceVersion "1"]
[SourceVersionDate "2020.05.31"]
[SourceQuality "1"]

1. e4 c5 2. d4 cxd4 3. c3 dxc3 4. Nxc3 Nc6 5. Nf3 d6 6. Bc4 a6 7. 0-0 e6 8. Qe2 Nf6 9. Rd1 Qc7 10. Bf4 Be7 11. Rac1 Qb8 12. e5 dxe5 13. Nxe5 Nxe5 14. Bxe5 Qa7 15. Ne4 Nxe4 16. Qxe4 0-0 17. Qg4 g6 18. Rd3 Qc5 19. Qf4 Qb4 20. a3 Qb6 21. Rh3 f6 22. Bc7 Qc6 23. Bd3 Qd5 24. Bc4 Qf5 25. Qh6 Rf7 26. Rf3 Qg5 27. Qh3 Qxc1+ 28. Bf1 e5 29. Qh4 Qxc7 30. h3 Be6 31. Qa4 b5 32. Qd1 Rd8 33. Qe2 Qc4 34. Qe3 Qd4 35. Qe2 Qd2 36. Qe4 Bf5 37. Qc6 e4 38. Re3 Qd6 39. Qb7 Rd7 40. Qc8+ Kg7 41. Qc3 Qd4 42. Qc6 Bc5 43. g4 Qd5 44. Qxa6 Bxe3 45. gxf5 Bxf2+ 46. Kxf2 Qxf5+ 0-1

[Event "GER-ch Net Amateur Gr-A Vor2"]
[Site "Playchess.com INT"]
[Date "2020.04.15"]
[Round "4"]
[White "Bashylina, Luisa"]
[Black "Roettig, Hans Peter"]
[Result "1-0"]
[WhiteElo "1620"]
[BlackElo "1819"]
[PlyCount "67"]
[EventDate "2020.04.15"]
[EventType "swiss (blitz)"]
[EventRounds "9"]
[EventCountry "GER"]
[SourceTitle "CBM 196 Extra"]
[Source "ChessBase"]
[SourceDate "2020.07.31"]
[SourceVersion "1"]
[SourceVersionDate "2020.07.31"]
[SourceQuality "1"]

1. e4 c5 2. Nf3 d6 3. d4 cxd4 4. Qxd4 a6 5. c4 Nc6 6. Qd2 g6 7. Nc3 Bg7 8. Be2 Nf6 9. 0-0 0-0 10. Rb1 Qa5 11. b3 Ng4 12. Bb2 Re8 13. h3 Nge5 14. Nxe5 Nxe5 15. f4 Nc6 16. Kh1 Bd7 17. f5 b5 18. Qg5 Bxc3 19. fxg6 hxg6 20. Rxf7 Kxf7 21. Rf1+ Kg7 22. Bh5 Ne5 23. Bc1 Be6 24. Qh6+ Kg8 25. Bxg6 Nxg6 26. Qxg6+ Kh8 27. Qh6+ Kg8 28. Qxe6+ Kh8 29. Qh6+ Kg8 30. Qg6+ Bg7 31. Bb2 e5 32. Rf7 Qe1+ 33. Kh2 Qg3+ 34. Kxg3 1-0

[Event "GER-ch Net Amateur Gr-A Vor1"]
[Site "Playchess.com INT"]
[Date "2020.04.14"]
[Round "9"]
[White "Roettig, Hans Peter"]
[Black "Haase, Thomas Konstantin"]
[Result "0-1"]
[WhiteElo "1842"]
[BlackElo "1721"]
[PlyCount "50"]
[EventDate "2020.04.14"]
[EventType "swiss (blitz)"]
[EventRounds "9"]
[EventCountry "GER"]
[SourceTitle "EXT 2021"]
[Source "ChessBase"]
[SourceDate "2020.10.23"]
[SourceVersion "1"]
[SourceVersionDate "2020.10.23"]
[SourceQuality "1"]

1. e4 c5 2. d4 cxd4 3. c3 Nf6 4. e5 Nd5 5. Nf3 d6 6. Bc4 e6 7. exd6 Qxd6 8. 0-0 Nc6 9. Na3 a6 10. Nxd4 Bd7 11. Re1 0-0-0 12. b4 Nxc3 13. Qc2 Qxd4 14. Be3 Qf6 15. b5 Bxa3 16. bxc6 Bxc6 17. Bxa6 Qg6 18. Bf1 Qxc2 19. Bb6 Rd2 20. h4 Ne2+ 21. Kh1 Nf4 22. Be3 Rxf2 23. Bxf2 Qxf2 24. Red1 Qxh4+ 25. Kg1 Bc5+ 0-1

[Event "Pfalz op 10th"]
[Site "Neustadt an der Weinstrasse"]
[Date "2019.03.01"]
[Round "1"]
[White "Roettig, Hans Peter"]
[Black "Mu, Ke"]
[Result "0-1"]
[WhiteElo "2052"]
[BlackElo "2414"]
[PlyCount "76"]
[EventDate "2019.03.01"]
[EventType "swiss"]
[EventRounds "9"]
[EventCountry "GER"]
[SourceTitle "CBM 189 Extra"]
[Source "ChessBase"]
[SourceDate "2019.06.03"]
[SourceVersion "1"]
[SourceVersionDate "2019.06.03"]
[SourceQuality "1"]

1. e4 e5 2. Nf3 Nc6 3. Bb5 a6 4. Ba4 Nf6 5. d3 d6 6. c3 Be7 7. 0-0 0-0 8. Re1 b5 9. Bb3 Nd7 10. Nbd2 Bf6 11. Nf1 Na5 12. Bc2 c5 13. Ng3 g6 14. Bh6 Re8 15. h3 Nf8 16. Qd2 Ne6 17. a4 Bb7 18. Nf1 Bg7 19. g3 d5 20. axb5 axb5 21. Bxg7 Kxg7 22. Ne3 dxe4 23. dxe4 Qxd2 24. Nxd2 c4 25. Nd5 Red8 26. Nf3 f6 27. Red1 Nb3 28. Rxa8 Bxa8 29. Bxb3 cxb3 30. Ra1 Bxd5 31. exd5 Rxd5 32. Ra7+ Kg8 33. Rb7 e4 34. Nd4 Nxd4 35. cxd4 Rxd4 36. Rxb5 Rd3 37. Rb7 e3 38. f4 Rd1+ 0-1

[Event "Staufer op 31st"]
[Site "Schwaebisch Gmuend"]
[Date "2019.01.04"]
[Round "6"]
[White "Namyslo, Holger"]
[Black "Roettig, Hans Peter"]
[Result "1/2-1/2"]
[WhiteElo "2262"]
[BlackElo "2026"]
[PlyCount "54"]
[EventDate "2019.01.02"]
[EventType "swiss"]
[EventRounds "9"]
[EventCountry "GER"]
[SourceTitle "CBM 188 Extra"]
[Source "ChessBase"]
[SourceDate "2019.02.26"]
[SourceVersion "1"]
[SourceVersionDate "2019.02.26"]
[SourceQuality "1"]

1. e4 c5 2. Nf3 d6 3. c3 Nf6 4. h3 Bd7 5. Bd3 Nc6 6. 0-0 e5 7. Bc2 g5 8. Nxg5 Rg8 9. d3 h6 10. f4 hxg5 11. fxg5 Nh7 12. h4 Qe7 13. Qh5 Rg7 14. Bb3 Be6 15. Na3 0-0-0 16. Nc2 Qd7 17. Ne3 Ne7 18. g4 d5 19. Nf5 dxe4 20. Bxe6 fxe6 21. Nxg7 Qxd3 22. Nxe6 Qg3+ 23. Kh1 Qh3+ 24. Kg1 Qg3+ 25. Kh1 Nf6 26. gxf6 Qh3+ 27. Kg1 Qg3+ 1/2-1/2

[Event "Bayern-chI Bank Hofmann 22nd"]
[Site "Tegernsee"]
[Date "2018.10.28"]
[Round "2"]
[White "Roettig, Hans Peter"]
[Black "Wacker, Peter"]
[Result "0-1"]
[WhiteElo "2028"]
[BlackElo "2313"]
[PlyCount "98"]
[EventDate "2018.10.27"]
[EventType "swiss"]
[EventRounds "9"]
[EventCountry "GER"]
[SourceTitle "CBM 187 Extra"]
[Source "ChessBase"]
[SourceDate "2018.11.04"]
[SourceVersion "1"]
[SourceVersionDate "2018.11.04"]
[SourceQuality "1"]

1. e4 e5 2. Nf3 Nc6 3. Bb5 Nge7 4. c3 a6 5. Ba4 g6 6. d4 exd4 7. cxd4 b5 8. Bb3 Bg7 9. Nc3 Na5 10. Bc2 0-0 11. d5 d6 12. h3 Bb7 13. 0-0 c5 14. Ne2 Bc8 15. Ng3 Bd7 16. Rb1 Rc8 17. Bf4 Nc4 18. Qc1 f6 19. Bh6 Qb6 20. Bxg7 Kxg7 21. Nh4 Qa5 22. Bd3 Ne5 23. Be2 c4 24. Qe3 b4 25. f4 Nf7 26. Nf3 Rfe8 27. Qf2 f5 28. Kh2 Qc5 29. Nd4 fxe4 30. f5 e3 31. Qf4 Nxd5 32. Qh4 g5 33. Nh5+ Kh6 34. Qg4 Ne5 35. Qe4 Nf3+ 36. Qxf3 Qxd4 37. Rbd1 Qe5+ 38. Ng3 Nf4 39. Kh1 Bc6 40. Qg4 Bxg2+ 41. Kh2 Bxh3 42. Qxh3+ Nxh3 43. Kxh3 Rf8 44. Kg4 d5 45. Rh1+ Kg7 46. f6+ Kh8 47. Nh5 d4 48. Rdf1 d3 49. Nf4 Qxf4+ 0-1

[Event "Bamberg op 1st"]
[Site "Bamberg"]
[Date "2018.05.10"]
[Round "3"]
[White "Pribyl, Josef"]
[Black "Roettig, Hans Peter"]
[Result "1/2-1/2"]
[WhiteElo "2268"]
[BlackElo "2021"]
[PlyCount "64"]
[EventDate "2018.05.09"]
[EventType "swiss"]
[EventRounds "7"]
[EventCountry "GER"]
[SourceTitle "CBM 184 Extra"]
[Source "ChessBase"]
[SourceDate "2018.06.28"]
[SourceVersion "1"]
[SourceVersionDate "2018.06.28"]
[SourceQuality "1"]

1. d4 f5 2. g3 Nf6 3. Bg2 g6 4. c4 Bg7 5. Nc3 d6 6. Nf3 0-0 7. 0-0 Nc6 8. Qc2 e5 9. dxe5 Nxe5 10. Rd1 Qe7 11. b3 Re8 12. Bb2 h6 13. Rd2 Neg4 14. h3 Nxf2 15. Kxf2 Ne4+ 16. Ke1 c6 17. Nxe4 fxe4 18. Nh2 e3 19. Rd3 Qg5 20. Nf1 Bf5 21. Bxg7 Bxd3 22. Qxd3 Kxg7 23. Kd1 d5 24. Qd4+ Kh7 25. cxd5 Rad8 26. Rc1 Qe7 27. Rc3 Qa3 28. Rc2 Qe7 29. Kc1 cxd5 30. Kb1 a5 31. Nxe3 Rc8 32. Nxd5 Qd8 1/2-1/2

[Event "Verbandsliga Nordbaden 1718"]
[Site "Baden"]
[Date "2018.01.28"]
[Round "5.7"]
[White "Werner, Clemens"]
[Black "Roettig, Hans Peter"]
[Result "1-0"]
[WhiteElo "2252"]
[BlackElo "2098"]
[PlyCount "121"]
[EventDate "2017.10.08"]
[EventType "team-tourn"]
[EventRounds "9"]
[EventCountry "GER"]
[SourceTitle "EXT 2019"]
[Source "ChessBase"]
[SourceDate "2018.10.10"]
[SourceVersion "1"]
[SourceVersionDate "2018.10.10"]
[SourceQuality "1"]
[WhiteTeam "Karlsruhe"]
[BlackTeam "Viernheim II"]
[WhiteTeamCountry "GER"]
[BlackTeamCountry "GER"]

1. e4 c5 2. c3 d5 3. exd5 Qxd5 4. d4 g6 5. Nf3 Bg7 6. Na3 cxd4 7. Nb5 Na6 8. Nbxd4 Nf6 9. Bb5+ Bd7 10. Qe2 Qe4 11. Bxd7+ Kxd7 12. Be3 Ke8 13. 0-0 h6 14. Rfe1 Kf8 15. Nb5 Nd5 16. Bxa7 Qxe2 17. Rxe2 Ndc7 18. Nxc7 Rxa7 19. Nxa6 Rxa6 20. Rd1 Bf6 21. Rd8+ Kg7 22. Rxh8 Kxh8 23. a3 Rb6 24. Kf1 Kg7 25. Ke1 e6 26. Kd1 Kf8 27. Kc2 Ke7 28. Nd2 Rc6 29. Re4 Bg7 30. Rb4 Rc7 31. Nc4 b5 32. Nd2 Rc5 33. a4 bxa4 34. Rxa4 Rc7 35. Nc4 f5 36. Na3 g5 37. Nb5 Rc5 38. Nd4 Be5 39. g3 h5 40. b4 Rc7 41. Ra7 Rxa7 42. Nc6+ Kd7 43. Nxa7 h4 44. gxh4 gxh4 45. h3 Bg3 46. f3 Bf2 47. Nb5 e5 48. Kd3 Kc6 49. Na3 Bg1 50. Nc4 Kd5 51. Ne3+ Bxe3 52. Kxe3 Kc4 53. Kd2 Kb5 54. Kd3 Kc6 55. c4 Kd6 56. c5+ Kd5 57. Kc3 Ke6 58. b5 Kd5 59. b6 Kc6 60. Kc4 Kb7 61. Kd5 1-0

[Event "Bayern-chI Bank Hofmann 21st"]
[Site "Tegernsee"]
[Date "2017.11.01"]
[Round "5"]
[White "Roettig, Hans Peter"]
[Black "Tonndorf, Matthias"]
[Result "0-1"]
[WhiteElo "2094"]
[BlackElo "2285"]
[PlyCount "102"]
[EventDate "2017.10.28"]
[EventType "swiss"]
[EventRounds "9"]
[EventCountry "GER"]
[SourceTitle "CBM 181 Extra"]
[Source "ChessBase"]
[SourceDate "2017.12.12"]
[SourceVersion "1"]
[SourceVersionDate "2017.12.12"]
[SourceQuality "1"]

1. e4 c5 2. d4 cxd4 3. c3 d3 4. Bxd3 g6 5. c4 Bg7 6. Nf3 Nc6 7. 0-0 d6 8. h3 Nf6 9. Nc3 0-0 10. Be3 Nd7 11. Qd2 Nc5 12. Bc2 Be6 13. b3 a5 14. Rac1 a4 15. Bh6 axb3 16. axb3 Ra3 17. Bxg7 Kxg7 18. Nb5 Ra8 19. Qc3+ f6 20. Ra1 Qb6 21. Nfd4 Bf7 22. Kh2 Rad8 23. Ne2 Na6 24. Nf4 e5 25. Nd5 Bxd5 26. exd5 Ne7 27. Qd2 Qc5 28. f4 Nb4 29. Ra7 Rd7 30. fxe5 dxe5 31. d6 Nec6 32. Raa1 Nd4 33. Nxd4 exd4 34. Be4 Qxd6+ 35. g3 f5 36. Bg2 Re8 37. Ra4 Nc6 38. Bd5 Re3 39. Qf2 Qe5 40. Ra2 Nb4 41. Rd2 Nxd5 42. cxd5 Qxd5 43. Rfd1 Qe4 44. Qg2 d3 45. Rf2 Re7 46. Rdd2 Re2 47. Qf1 Qe3 48. Rfxe2 dxe2 49. Qa1+ Qe5 50. Rxe2 Qxa1 51. Rxe7+ Kf6 0-1

[Event "Kiel op 30th"]
[Site "Kiel"]
[Date "2017.07.29"]
[Round "1"]
[White "Roettig, Hans Peter"]
[Black "Eberhardt, Michael"]
[Result "1-0"]
[WhiteElo "2078"]
[BlackElo "1812"]
[PlyCount "53"]
[EventDate "2017.07.29"]
[EventType "swiss"]
[EventRounds "9"]
[EventCountry "GER"]
[SourceTitle "EXT 2018"]
[Source "ChessBase"]
[SourceDate "2017.10.13"]
[SourceVersion "1"]
[SourceVersionDate "2017.10.13"]
[SourceQuality "1"]

1. e4 d5 2. exd5 Nf6 3. Nf3 Bg4 4. Bb5+ Nbd7 5. h3 Bh5 6. g4 Bg6 7. c4 a6 8. Bxd7+ Nxd7 9. d4 Nb6 10. b3 h5 11. Ne5 Be4 12. f3 Bxb1 13. Rxb1 e6 14. Qe2 Bb4+ 15. Kf1 Qf6 16. a3 Be7 17. dxe6 fxe6 18. Kg2 0-0-0 19. Bb2 Rhf8 20. Qe4 Qh6 21. Rbd1 Nd7 22. Ng6 Rde8 23. Bc1 Bg5 24. f4 Rf6 25. fxg5 Qxg6 26. Qxg6 Rxg6 27. gxh5 1-0

[Event "Kiel op 30th"]
[Site "Kiel"]
[Date "2017.07.29"]
[Round "2"]
[White "Uksini, Bardhyl"]
[Black "Roettig, Hans Peter"]
[Result "1-0"]
[WhiteElo "2304"]
[BlackElo "2078"]
[PlyCount "67"]
[EventDate "2017.07.29"]
[EventType "swiss"]
[EventRounds "9"]
[EventCountry "GER"]
[SourceTitle "EXT 2018"]
[Source "ChessBase"]
[SourceDate "2017.10.13"]
[SourceVersion "1"]
[SourceVersionDate "2017.10.13"]
[SourceQuality "1"]

1. Nf3 d6 2. g3 f5 3. Bg2 Nf6 4. 0-0 g6 5. b4 Bg7 6. Bb2 e5 7. c4 0-0 8. d3 h6 9. Nbd2 Nc6 10. b5 Ne7 11. a4 g5 12. Qb3 Be6 13. Qa3 Qe8 14. c5 Rd8 15. cxd6 cxd6 16. Rac1 Qh5 17. Rc7 Ng6 18. Rxb7 Bd5 19. Rxa7 f4 20. Rc1 fxg3 21. hxg3 Ng4 22. Rcc7 Bh8 23. Rd7 Rxd7 24. Rxd7 Nxf2 25. Kxf2 Be6 26. Rxd6 Bf7 27. b6 g4 28. b7 Nf4 29. gxf4 exf4 30. Rg6+ Qxg6 31. Qxf8+ Kxf8 32. b8Q+ Be8 33. Bxh8 gxf3 34. Qxf4+ 1-0

[Event "Wunsiedel op 10th"]
[Site "Wunsiedel"]
[Date "2016.05.05"]
[Round "1"]
[White "Roettig, Hans Peter"]
[Black "Mihok, Oliver"]
[Result "0-1"]
[WhiteElo "2081"]
[BlackElo "2498"]
[PlyCount "86"]
[EventDate "2016.05.05"]
[EventType "swiss"]
[EventRounds "7"]
[EventCountry "GER"]
[SourceTitle "CBM 172 Extra"]
[Source "ChessBase"]
[SourceDate "2016.06.21"]
[SourceVersion "1"]
[SourceVersionDate "2016.06.21"]
[SourceQuality "1"]

1. e4 c5 2. d4 cxd4 3. c3 d5 4. exd5 Nf6 5. Bb5+ Bd7 6. Bc4 e6 7. dxe6 Bxe6 8. Bxe6 fxe6 9. Nf3 d3 10. 0-0 Nc6 11. Qb3 Qd7 12. Re1 0-0-0 13. Bg5 Re8 14. Nbd2 h6 15. Bf4 Bc5 16. Qb5 Qd5 17. c4 Qf5 18. Bg3 a6 19. Qa4 e5 20. b4 Bxb4 21. Rab1 e4 22. Nd4 Qa5 23. Qxa5 Bxa5 24. Nxc6 bxc6 25. Rb8+ Kd7 26. Rb7+ Ke6 27. Nb3 Bc3 28. Rb1 Kf5 29. Rxg7 Rh7 30. Rxh7 Nxh7 31. Kf1 Ng5 32. Nc5 Ne6 33. Nb7 Be5 34. Ke1 Bxg3 35. hxg3 Ke5 36. Na5 Nd4 37. Rb6 Kd6 38. Rb7 Rf8 39. Nb3 Nc2+ 40. Kd1 Rxf2 41. c5+ Ke6 42. Rc7 e3 43. Rxc6+ Ke7 0-1

[Event "Boeblinger op 31st"]
[Site "Boeblingen"]
[Date "2014.12.26"]
[Round "1"]
[White "Meskovs, Nikita"]
[Black "Roettig, Hans Peter"]
[Result "1-0"]
[WhiteElo "2452"]
[BlackElo "2095"]
[PlyCount "49"]
[EventDate "2014.12.26"]
[EventType "swiss"]
[EventRounds "9"]
[EventCountry "GER"]
[SourceTitle "CBM 164 Extra"]
[Source "ChessBase"]
[SourceDate "2015.03.02"]
[SourceVersion "1"]
[SourceVersionDate "2015.03.02"]
[SourceQuality "1"]

1. d4 f5 2. g3 Nf6 3. Bg2 g6 4. h4 Bg7 5. Nh3 Nc6 6. Nf4 e5 7. dxe5 Nxe5 8. h5 c6 9. Bd2 d5 10. h6 Bf8 11. Bc3 Bd6 12. Nd2 0-0 13. Nf3 Qc7 14. Ng5 Qe7 15. Qd4 Ne4 16. Nxe4 fxe4 17. 0-0-0 Rf6 18. f3 exf3 19. exf3 Be6 20. Nxe6 Qxe6 21. f4 Ng4 22. Rde1 Qf7 23. Bf3 Be5 24. fxe5 c5 25. Qxg4 1-0